Poverty and poverty rights (Record no. 66766)

MARC details
000 -LEADER
fixed length control field 00982cam a2200193 4500
001 - CONTROL NUMBER
control field ABS63853
008 - FIXED-LENGTH DATA ELEMENTS--GENERAL INFORMATION
fixed length control field 000000n2001 000 0 eng u
035 ## - SYSTEM CONTROL NUMBER
System control number (Sirsi) u112111
245 ## - TITLE STATEMENT
Title Poverty and poverty rights
260 ## - PUBLICATION, DISTRIBUTION, ETC.
Date of publication, distribution, etc. 2001
490 ## - SERIES STATEMENT
Series statement Economist
Volume/sequential designation 358(8215) 31 March 2001, 21-25(3)
520 ## - SUMMARY, ETC.
Summary, etc. Argues that reforming property law in underdeveloped countries thoughout the world would help to alleviate poverty in the poorest parts of the world. Hernando de Soto's "Mystery of capital:why capitalism triumphs in the West and fails everywhere else" estimates that the total value of fixed property held but not legally owned in third world and former communist countries to be at least $9.3 trillion. Quotes Malawi as an example. Heranando de Soto's book is availalble to be borrowed from the RICS library.
590 ## - LOCAL NOTE (RLIN)
Local note ABS
650 ## - SUBJECT ADDED ENTRY--TOPICAL TERM
Topical term or geographic name entry element PROPERTY RIGHTS
650 ## - SUBJECT ADDED ENTRY--TOPICAL TERM
Topical term or geographic name entry element THIRD WORLD COUNTRIES
650 ## - SUBJECT ADDED ENTRY--TOPICAL TERM
Topical term or geographic name entry element POVERTY
690 ## - LOCAL SUBJECT ADDED ENTRY--TOPICAL TERM (OCLC, RLIN)
Topical term or geographic name as entry element ECONOMIC ISSUES
942 ## - ADDED ENTRY ELEMENTS (KOHA)
Suppress in OPAC 0
Holdings
Withdrawn status Lost status Source of classification or shelving scheme Damaged status Not for loan Home library Current library Shelving location Date acquired Total Checkouts Full call number Barcode Date last seen Copy number Price effective from Koha item type
    Dewey Decimal Classification     London London Journal article 23/04/2001   ABS63853 112111-1001 06/08/2019 1 06/08/2019 Journal article